IPD UK residential investment index 2006 (Record no. 106849)
[ view plain ]
| 000 -LEADER | |
|---|---|
| fixed length control field | 01247cad a22002175a 4500 |
| 001 - CONTROL NUMBER | |
| control field | L137619 |
| 008 - FIXED-LENGTH DATA ELEMENTS--GENERAL INFORMATION | |
| fixed length control field | 070419s2007 xxkd f s 000 0 eng d |
| 035 ## - SYSTEM CONTROL NUMBER | |
| System control number | (Sirsi) u137619 |
| 041 0# - LANGUAGE CODE | |
| Language code of text/sound track or separate title | eng |
| 050 04 - LIBRARY OF CONGRESS CALL NUMBER | |
| Classification number | 332.6324 $2 18 |
| 110 2# - MAIN ENTRY--CORPORATE NAME | |
| Corporate name or jurisdiction name as entry element | Investment Property Databank |
| 9 (RLIN) | 2288 |
| 245 00 - TITLE STATEMENT | |
| Title | IPD UK residential investment index 2006 |
| 260 ## - PUBLICATION, DISTRIBUTION, ETC. | |
| Place of publication, distribution, etc. | London |
| Name of publisher, distributor, etc. | IPD |
| Date of publication, distribution, etc. | 2007 |
| 520 ## - SUMMARY, ETC. | |
| Summary, etc. | The sixth year of results show the UK residential investment market making a return to mid-teen performance with assets let on modern leases generating an overall return to investors of 16.8% for the year, marking an end to three years of decelerating returns. Total returns for the year were in line with those on equities and only just below those on commercial property. A return to double digit performance was witnessed at the regional level, with the majority of regions achieving returns in excess of 11%. |
| 590 ## - LOCAL NOTE (RLIN) | |
| Local note | KA |
| 650 24 - SUBJECT ADDED ENTRY--TOPICAL TERM | |
| Topical term or geographic name entry element | IPD UK RESIDENTIAL INVESTMENT INDEX |
| 651 #4 - SUBJECT ADDED ENTRY--GEOGRAPHIC NAME | |
| Geographic name | United Kingdom |
| Chronological subdivision | |
| 690 ## - LOCAL SUBJECT ADDED ENTRY--TOPICAL TERM (OCLC, RLIN) | |
| Topical term or geographic name as entry element | PROPERTY-RESIDENTIAL PROPERTY-RESIDENTIAL PROPERTY FINANCE AND INVESTMENT |
| 856 40 - ELECTRONIC LOCATION AND ACCESS | |
| Uniform Resource Identifier | <a href="https://www.ipdglobal.com/results/free_download/index_results/index_results.asp">https://www.ipdglobal.com/results/free_download/index_results/index_results.asp</a> |
| Public note | View the item free of charge at www.ipdindex.co.uk... |
| 942 ## - ADDED ENTRY ELEMENTS (KOHA) | |
| Suppress in OPAC | 0 |
| Withdrawn status | Lost status | Source of classification or shelving scheme | Damaged status | Not for loan | Home library | Current library | Shelving location | Date acquired | Total Checkouts | Full call number | Barcode | Date last seen | Copy number | Price effective from | Koha item type |
|---|---|---|---|---|---|---|---|---|---|---|---|---|---|---|---|
| Dewey Decimal Classification | Virtual | Virtual | Online | 19/04/2007 | L137619 | 137619-1001 | 06/08/2019 | 1 | 06/08/2019 | Book |